Hrdina v slovenskej dráme na prelome 20. a 21. storočia

Bibliographic Details
Main Author: Podmaková, Dagmar, 1953- (Author)
Other Authors: Magová, Gabriela, 1976- (Translator)
Format: Article
Language:Slovak
ISBN:8022408212
Subjects:

MARC

LEADER 00000naa a2200000 ar4500
001 vtls008997720
003 SK-MaSNL
005 20260302100453.0
008 070611c2004 xo |||| ||| 000 b|slo
015 |a SNBRA2007/06  |2 snkbucl 
038 |a SNKBUCL 
040 |a SNKBUCL  |b slo  |c SNKBUCL  |e AACR2 
041 0 |a slo  |b eng 
044 |a xo  |c SK 
080 |a 82.033:821.162.4-2  |2 2001 
080 |a 821.162.4-2.033  |2 2001 
080 |a 82(091):821.162.4"199/20"  |2 2001 
080 |a 821.162.4  |x (091)  |x "199/20"  |2 2001 
100 1 |a Podmaková, Dagmar,  |d 1953-  |4 aut  |9 102787 
245 1 0 |a Hrdina v slovenskej dráme na prelome 20. a 21. storočia  |c Dagmar Podmaková 
500 |a Resumé preložila Gabriela Magová 
546 |a Res. angl. 
648 7 |a 20. stor., koniec-21. stor., začiatok  |2 snkbucl  |9 771128 
650 0 7 |a literárny hrdina  |2 snkbucl  |9 771202 
650 0 7 |a slovenská literatúra  |x dejiny  |y 20. stor., koniec-21. stor., začiatok  |2 snkbucl  |9 771219 
650 0 7 |a slovenská dráma  |2 SNKPH  |9 78099 
700 1 |a Magová, Gabriela,  |d 1976-  |4 trl  |9 87669 
773 0 |t Hrdina v stredoeurópskych a balkánskych literatúrach 19. a 20. storočia  |d Bratislava : Veda, 2004  |g S. 153-158  |z 8022408212 
852 |a SNK  |b KIS3GCP 
958 |a LX 
958 |a SK 
999 |c 1220175  |d 1222105